<?xml version="1.0" encoding="UTF-8"?>
<collection xmlns="http://www.loc.gov/MARC21/slim">
 <record>
  <leader>04045nam a2200349 a 4500</leader>
  <controlfield tag="001">kal1700</controlfield>
  <controlfield tag="003">Gr-AtHEAL</controlfield>
  <controlfield tag="005">20160425105802.0</controlfield>
  <controlfield tag="006">m        d        </controlfield>
  <controlfield tag="008">160413s2015    gr      s           gre|c</controlfield>
  <datafield tag="020" ind1=" " ind2=" ">
   <subfield code="a">9789606033162</subfield>
  </datafield>
  <datafield tag="040" ind1=" " ind2=" ">
   <subfield code="a">GR-AtHEAL</subfield>
   <subfield code="b">gre</subfield>
   <subfield code="c">GR-AtHEAL</subfield>
  </datafield>
  <datafield tag="082" ind1="0" ind2="4">
   <subfield code="a">330.94</subfield>
   <subfield code="2">23</subfield>
  </datafield>
  <datafield tag="100" ind1="1" ind2=" ">
   <subfield code="a">Πατρώνης, Βασίλειος.</subfield>
   <subfield code="8">1286</subfield>
  </datafield>
  <datafield tag="245" ind1="1" ind2="0">
   <subfield code="a">Ελληνική οικονομική ιστορία</subfield>
   <subfield code="h">[Ηλεκτρονικός πόρος] </subfield>
   <subfield code="b">Οικονομικές εξελίξεις και κοινωνικός μετασχηματισμός (19ος-20ός αιω.)</subfield>
   <subfield code="c">Πατρώνης, Βασίλειος ; Κριτικός αναγνώστης,Ζερβογιάννη, Αθηνά ; Τεχνική επιμέλεια,Φωτεινόπουλος, Μιχάλης Αναστάσιος.</subfield>
  </datafield>
  <datafield tag="260" ind1=" " ind2=" ">
   <subfield code="a">Αθήνα :</subfield>
   <subfield code="b">Σύνδεσμος Ελληνικών Ακαδημαϊκών Βιβλιοθηκών,</subfield>
   <subfield code="c">c2015.</subfield>
  </datafield>
  <datafield tag="490" ind1=" " ind2=" ">
   <subfield code="a">Ακαδημαϊκά Ηλεκτρονικά Συγγράμματα και Βοηθήματα Κάλλιπος</subfield>
   <subfield code="8">40</subfield>
  </datafield>
  <datafield tag="520" ind1=" " ind2=" ">
   <subfield code="a">Εισαγωγή στην Ιστορία της Νεοελληνικής Κοινωνίας. Μηχανισμοί της αγροτικής οικονομίας στη Τουρκοκρατία. Η ανάπτυξη του εμπορίου και της ναυτιλίας κατά την τελευταία περίοδο της Οθωμανικής κυριαρχίας. Τα οικονομικά προβλήματα του νέου ελληνικού κράτους. Το ζήτημα των εθνικών γαιών. Η κίνηση του εμπορίου και οι πρώτες απόπειρες εκβιομηχάνισης. Η διανομή της εθνικής γης και η ανάπτυξη των εμπορευματικών φυτειών. Η προσάρτηση της Θεσσαλίας και η μεγάλη ιδιοκτησία. Κράτος και οικονομική πολιτική στον 19ο αιώνα. Η κρίση της κορινθιακής σταφίδας και η πτώχευση του νεοελληνικού κράτους. Η ανάπτυξη των νέων βιομηχανικών κέντρων και του εργατικού κινήματος – Οικονομία και κοινωνία στη διάρκεια του μεσοπολέμου – Η έλευση των προσφύγων και οι συνέπειές της - Η αγροτική μεταρρύθμιση και η διανομή της γης στους ακτήμονες – Χαρακτηριστικά της βιομηχανικής ανάπτυξης του μεσοπολέμου - Οικονομία, Κράτος και Οικονομική Πολιτική στη μεταπολεμική περίοδο – Ελληνική οικονομία και κοινωνία στην περίοδο της Μεταπολίτευσης. Από την ανάπτυξη και τη συμμετοχή στην ευρωπαϊκή ολοκλήρωση στα πρόθυρα της χρεωκοπίας.</subfield>
  </datafield>
  <datafield tag="650" ind1=" " ind2="0">
   <subfield code="a">Greece</subfield>
   <subfield code="x">Economic policy</subfield>
   <subfield code="8">2403</subfield>
  </datafield>
  <datafield tag="653" ind1=" " ind2=" ">
   <subfield code="a">Βιομηχανία</subfield>
  </datafield>
  <datafield tag="653" ind1=" " ind2=" ">
   <subfield code="a">Διεθνές εμπόριο</subfield>
  </datafield>
  <datafield tag="653" ind1=" " ind2=" ">
   <subfield code="a">Αγροτική παραγωγή</subfield>
  </datafield>
  <datafield tag="653" ind1=" " ind2=" ">
   <subfield code="a">19ος-20ός αι.</subfield>
  </datafield>
  <datafield tag="653" ind1=" " ind2=" ">
   <subfield code="a">Ελλάδα</subfield>
  </datafield>
  <datafield tag="653" ind1=" " ind2=" ">
   <subfield code="a">Οικονομική ιστορία</subfield>
  </datafield>
  <datafield tag="653" ind1=" " ind2=" ">
   <subfield code="a">Ιστορία</subfield>
   <subfield code="a">Ειδικές ιστορίες</subfield>
   <subfield code="a">Οικονομική ιστορία</subfield>
  </datafield>
  <datafield tag="700" ind1="1" ind2=" ">
   <subfield code="a">Ζερβογιάννη, Αθηνά</subfield>
   <subfield code="e">Κριτικός αναγνώστης</subfield>
   <subfield code="8">1287</subfield>
  </datafield>
  <datafield tag="856" ind1="4" ind2="0">
   <subfield code="u">http://hdl.handle.net/11419/1700</subfield>
   <subfield code="z">Πλήρες Κείμενο - Full text</subfield>
  </datafield>
  <datafield tag="907" ind1=" " ind2=" ">
   <subfield code="a">.b2568081x</subfield>
   <subfield code="b">12-06-18</subfield>
   <subfield code="c">29-07-16</subfield>
  </datafield>
  <datafield tag="949" ind1=" " ind2=" ">
   <subfield code="0">0</subfield>
   <subfield code="1">0</subfield>
   <subfield code="2">ddc</subfield>
   <subfield code="4">0</subfield>
   <subfield code="6">330_940000000000000_ΠΑΤ</subfield>
   <subfield code="7">0</subfield>
   <subfield code="8">KALL</subfield>
   <subfield code="8">840</subfield>
   <subfield code="d">2016-04-13</subfield>
   <subfield code="r">2016-04-13</subfield>
   <subfield code="w">2016-04-13</subfield>
   <subfield code="z">330.94 ΠΑΤ</subfield>
   <subfield code="o">SEAB KALLIPOS</subfield>
  </datafield>
  <datafield tag="998" ind1=" " ind2=" ">
   <subfield code="a">80</subfield>
   <subfield code="a">01</subfield>
   <subfield code="a">02</subfield>
   <subfield code="a">03</subfield>
   <subfield code="a">04</subfield>
   <subfield code="a">05</subfield>
   <subfield code="a">06</subfield>
   <subfield code="a">07</subfield>
   <subfield code="a">08</subfield>
   <subfield code="a">09</subfield>
   <subfield code="a">10</subfield>
   <subfield code="a">11</subfield>
   <subfield code="a">12</subfield>
   <subfield code="a">13</subfield>
   <subfield code="a">14</subfield>
   <subfield code="a">15</subfield>
   <subfield code="a">16</subfield>
   <subfield code="a">17</subfield>
   <subfield code="a">18</subfield>
   <subfield code="a">19</subfield>
   <subfield code="a">20</subfield>
   <subfield code="a">21</subfield>
   <subfield code="a">22</subfield>
   <subfield code="a">23</subfield>
   <subfield code="a">24</subfield>
   <subfield code="a">25</subfield>
   <subfield code="a">26</subfield>
   <subfield code="b">22-05-17</subfield>
   <subfield code="c">m</subfield>
   <subfield code="d">z  </subfield>
   <subfield code="e">-</subfield>
   <subfield code="f">gre</subfield>
   <subfield code="g">gr </subfield>
   <subfield code="h">0</subfield>
  </datafield>
  <datafield tag="942" ind1=" " ind2=" ">
   <subfield code="2">ddc</subfield>
   <subfield code="c">KALLIPOS</subfield>
  </datafield>
 </record>
</collection>
